Historia Religionis Et Ecclesiae Christianae Clero ... volvmen II.
| Main Author: | |
|---|---|
| Format: | Book |
| Language: | English |
| PhysicalDescription: | 292 s. |
| Published: |
Posonii
[Typis Antonii Loewe]
1789
|
MARC
| LEADER | 00000nam a2200000 a 4500 | ||
|---|---|---|---|
| 001 | vtls008690049 | ||
| 003 | SK-MaSNL | ||
| 005 | 20260301205458.0 | ||
| 008 | 240315 000 0 eng | ||
| 040 | |a SNK |b slo |c SNK |e AACR2 | ||
| 100 | 1 | |a Szvorényi, Ios. Michaelis |4 aut |9 401065 | |
| 245 | 1 | |a Historia Religionis Et Ecclesiae Christianae Clero ... |n volvmen II. | |
| 260 | |a Posonii |b [Typis Antonii Loewe] |c 1789 | ||
| 300 | |a 292 s. | ||
| 999 | |c 910231 |d 912161 | ||
| 952 | |a SNK |b SNK |y VYP |7 0 |p 17X08690049005 |o snkSD 2262/2/3-4 D4 |i snk930/30 |3 Rekatalogizácia |0 0 |1 0 |4 0 |d 2006-04-11 |l 0 |r 2026-02-24 07:41:18 |w 2026-02-24 | ||


